000 00986nam a2200229Ii 4500
003 JO-AjNU
008 230605s9999||||xx |||||||||||||| ||und||
017 _a2002/19314
020 _a977-5677-10-6
040 _aJO-AjNU
_bara
_erda
_cJO-AjNU
041 _aara
050 1 4 _aU264.L3338 2002
100 3 _aاللجنة الدولية للصليب الأحمر,
_eauthor
_947310
245 0 0 _aاتفاقية حظر أو تقييد استعمال أسلحة تقليدية معينة يمكن اعتبارها مفرطة الضرر أو عشوائية الأثر 1980 وبروتوكولاتها الخمسة
264 3 1 _aالقاهرة: اللجنة الدولية للصليب الاحمر، 2002
300 _a94ص
336 _atext
_btxt
_2rdacontent
337 _aunmediated
_bn
_2rdamedia
338 _avolume
_bnc
_2rdacarrier
490 0 _aمكتبة الاسرة الاردنية / مهرجان القراءة للجميع
650 4 _aالاسلام - رسائل
_947311
999 _aA20643
_c24211
_d24211